000 00441cam a2200181ua 4500
020 _c1.25
041 _amal
_h
082 _a894.8122
_bNUS/MA
100 _aNushich, Branislav .
245 _aManthriyude Bharya /
_cBranislav Nushich.
_hTextual Documents
250 _a1 /
_b.
260 _aEranakulam :
_bC I C C Book House ,
_c1961.
300 _a94 ; .
365 _a1.25
504 _a
942 _cBK
999 _c6502
_d6502